| 000 | 01526cab a2200325 4500 | ||
|---|---|---|---|
| 001 | ABS67935 | ||
| 008 | 040623n2004 000 0 eng u | ||
| 035 | _a(Sirsi) u126594 | ||
| 100 | _aSmulian, M. | ||
| 245 | _aHousing time bomb threatens rural life | ||
| 260 | _c2004 | ||
| 490 |
_aPlanning (for the Natural and Built Environment) _v(1572) 4 June 2004, 14-15(2) |
||
| 520 | _aLooks at the crisis, typical of many rural areas, of affordable housing on the Norfolk coastline and the underlying causes such as properties being purchased as second or holiday homes, environmental constraints on building in villages and low local wage levels. Suggests that there is no comprehensive solution to this problem, even if considerable Housing Corporation funding is made available and the maximum is extracted from developers through planning gain. Provides a statistical profile of the area's housing market and demand. Refers to the Countryside Agency's setting up of a rural housing network to link organisations involved in affordable housing provision. | ||
| 590 | _aABS | ||
| 650 | _aFAKENHAM | ||
| 650 | _aVILLAGES | ||
| 650 | _aSHERINGHAM | ||
| 650 | _aWELLS-NEXT-THE-SEA | ||
| 650 | _aMUNDESLEY | ||
| 650 | _aRURAL HOUSING | ||
| 650 | _aSECOND HOMES | ||
| 650 | _aPLANNING GAIN | ||
| 650 | _aCROMER | ||
| 650 | _aHOLIDAY HOMES | ||
| 650 | _aBURNHAM MARKET | ||
| 650 | _aNORTH NORFOLK | ||
| 650 | _aNORFOLK | ||
| 690 | _aPROPERTY-RESIDENTIAL PROPERTY-RESIDENTIAL PROPERTY MARKET | ||
| 942 | _n0 | ||
| 999 |
_c74440 _d74440 |
||